000 00559nam a2200241Ia 4500
005 20250425162209.0
008 250425s9999 xx 000 0 und d
020 _a9871046219
041 _aspa
043 _aag
082 _a658.154
100 _aRODRIGUEZ, MARIANO
245 0 _aPRESUPUESTOS: MICROSOFT CON EXCEL
250 _aS.E.
260 _aArgentina
_bOMICRON SYSTEM
_c2003
260 _aBUENOS AIRES
300 _a141
650 _aEXCEL
650 _aPRESUPUESTO
710 _aOMICRON SYSTEM S.A.
942 _c01
010 _a55523
999 _c224315
_d224315